00503pab a2200169 454500008004000000100002700040245005400067260000900121300001300130362001100143650002100154773002000175908000600195909001000201999001700211952010500228180718b2011 xxu||||| |||| 00| 0 eng d aBhardwaj, Amita Pandey aRe-engineering higher education: Need of the hour c2011 ap.14-16. a19 Dec aHigher education aUniversity News aN a94618 c94618d94618 00104070aIIPAbIIPAd2018-07-19hVolume no: 49, Issue no: 51pAR95078r2018-07-19w2018-07-19yAR